| 000 | 00360cam a2200145ua 4500 | ||
|---|---|---|---|
| 041 |
_aeng _h |
||
| 082 |
_a940 _bGOO/HI |
||
| 100 | _aGooch, G.P . | ||
| 245 |
_aHistory of Modern Europe, 1878-1919 / _cG.P.Gooch. _hTextual Documents |
||
| 260 |
_aNew Delhi : _bS.Chand & Sons , _c1964. |
||
| 300 | _a490 ; . | ||
| 504 | _a | ||
| 942 | _cBK | ||
| 999 |
_c684 _d684 |
||